TV Comedies by Cast III Quiz Stats

 Plays Quiz Updated Jun 4, 2016

Challenge
Share
Tweet
Score 0/20 Timer 08:00
1 Play Today
% Correct
Malcolm in the Middle
93.3%
The Office (UK)
88.6%
ALF
85.8%
Gilligan's Island
84.1%
Happy Days
82.2%
3rd Rock from the Sun
82.2%
Saved by the Bell
80.5%
The King of Queens
80.1%
Veep
78.7%
Taxi
76.7%
% Correct
Bewitched
75.3%
Brooklyn Nine-Nine
71.7%
The Andy Griffith Show
68.6%
Mom
68.1%
Black-ish
67.6%
All in the Family
67.3%
Family Ties
66.4%
Who's the Boss?
61.8%
Dharma and Greg
58%
Unbreakable Kimmy Schmidt
54.3%

You're not logged in!

Compare scores with friends on all Sporcle quizzes.
OR
Log In

You Might Also Like...

Show Comments

Extras

Top Quizzes Today


Score Distribution

Your Account Isn't Verified!

In order to create a playlist on Sporcle, you need to verify the email address you used during registration. Go to your Sporcle Settings to finish the process.

Report this User

Report this user for behavior that violates our Community Guidelines.

Details: